[Event "D18blitz"]
[Site "?"]
[Date "2020.08.27"]
[Round "2.5"]
[White "Jurkowska, Magdalena"]
[Black "Sowa, Wiktoria"]
[Result "0-1"]
[BlackElo "1802"]
[WhiteElo "1351"]
[LiveChessVersion "1.4.4"]

1. e4 {[%clk 0:03:03]} c5 {[%clk 0:03:04]} 2. Nf3 Nc6 3. Bc4 {[%clk 0:03:04]} g6
{[%clk 0:03:05]} 4. O-O {[%clk 0:03:05]} Bg7 {[%clk 0:03:06]} 5. d3
{[%clk 0:03:06]} e6 {[%clk 0:03:07]} 6. c3 {[%clk 0:03:06]} Nge7 {[%clk 0:03:08]}
7. Be3 {[%clk 0:03:07]} d6 {[%clk 0:03:08]} 8. Nbd2 {[%clk 0:03:08]} O-O
{[%clk 0:03:09]} 9. h3 {[%clk 0:03:09]} Rb8 {[%clk 0:03:09]} 10. a3
{[%clk 0:03:08]} b5 {[%clk 0:03:07]} 11. Ba2 {[%clk 0:03:09]} a6 {[%clk 0:03:00]}
12. b4 {[%clk 0:03:09]} cxb4 {[%clk 0:02:51]} 13. axb4 {[%clk 0:03:11]} d5
{[%clk 0:02:48]} 14. d4 {[%clk 0:03:02]} dxe4 {[%clk 0:02:29]} 15. Nxe4
{[%clk 0:03:04]} Nd5 {[%clk 0:02:30]} 16. Bxd5 {[%clk 0:02:57]} Qxd5
{[%clk 0:02:28]} 17. Nc5 {[%clk 0:02:57]} Ra8 {[%clk 0:02:12]} 18. Qb3
{[%clk 0:02:57]} Qd6 {[%clk 0:02:04]} 19. Rad1 {[%clk 0:02:48]} Ne7
{[%clk 0:02:04]} 20. Nd2 {[%clk 0:02:40]} Nd5 {[%clk 0:01:52]} 21. Nde4
{[%clk 0:02:40]} Qc7 {[%clk 0:01:47]} 22. Rfe1 {[%clk 0:02:35]} Bb7
{[%clk 0:01:47]} 23. Nxb7 {[%clk 0:02:33]} Qxb7 {[%clk 0:01:48]} 24. Nc5
{[%clk 0:02:34]} Qc6 {[%clk 0:01:45]} 25. Rc1 {[%clk 0:02:21]} Nxe3
{[%clk 0:01:42]} 26. fxe3 {[%clk 0:02:22]} Rfd8 {[%clk 0:01:39]} 27. Rcd1
{[%clk 0:02:23]} a5 {[%clk 0:01:31]} 28. bxa5 {[%clk 0:02:17]} Rxa5
{[%clk 0:01:31]} 29. Ra1 {[%clk 0:02:08]} Rda8 {[%clk 0:01:33]} 30. Rxa5
{[%clk 0:02:04]} Rxa5 {[%clk 0:01:34]} 31. Nd3 {[%clk 0:02:05]} Ra7
{[%clk 0:01:27]} 32. Nb4 {[%clk 0:02:05]} Qb6 {[%clk 0:01:23]} 33. Kh1
{[%clk 0:02:01]} Bf8 {[%clk 0:01:24]} 34. Nd3 {[%clk 0:01:59]} Bd6
{[%clk 0:01:24]} 35. e4 {[%clk 0:01:59]} Ra3 {[%clk 0:01:21]} 36. Qb2
{[%clk 0:01:57]} Qa5 {[%clk 0:01:15]} 37. Rc1 {[%clk 0:01:53]} Ra2
{[%clk 0:01:15]} 38. Qb3 {[%clk 0:01:49]} Rd2 {[%clk 0:00:50]} 39. Nb4
{[%clk 0:01:39]} Bxb4 {[%clk 0:00:29]} 40. Qxb4 {[%clk 0:01:40]} Qxb4
{[%clk 0:00:22]} 41. cxb4 {[%clk 0:01:40]} Rxd4 {[%clk 0:00:23]} 42. Rc5
{[%clk 0:01:29]} Rxb4 {[%clk 0:00:23]} 43. e5 {[%clk 0:01:30]} Kg7
{[%clk 0:00:24]} 44. Kg1 {[%clk 0:01:31]} Rb2 {[%clk 0:00:25]} 45. Kf1
{[%clk 0:01:32]} h5 {[%clk 0:00:25]} 46. g3 {[%clk 0:01:33]} b4 {[%clk 0:00:19]}
47. Rb5 {[%clk 0:01:33]} b3 {[%clk 0:00:20]} 48. h4 {[%clk 0:01:31]} Kh6
{[%clk 0:00:16]} 49. Ke1 {[%clk 0:01:32]} g5 {[%clk 0:00:15]} 50. Kd1
{[%clk 0:01:32]} gxh4 {[%clk 0:00:10]} 51. gxh4 {[%clk 0:01:33]} Rb1+
{[%clk 0:00:08]} 52. Kd2 {[%clk 0:01:34]} Rh1 {[%clk 0:00:06]} 53. Rxb3
{[%clk 0:01:31]} Rxh4 {[%clk 0:00:08]} 54. Rf3 {[%clk 0:01:30]} Rh2+
{[%clk 0:00:08]} 55. Ke3 {[%clk 0:01:31]} Kg6 {[%clk 0:00:09]} 56. Kf4
{[%clk 0:01:28]} Rg2 {[%clk 0:00:09]} 57. Rh3 {[%clk 0:01:26]} Rg4+
{[%clk 0:00:10]} 58. Kf3 {[%clk 0:01:27]} Kg5 {[%clk 0:00:11]} 59. Rh1
{[%clk 0:01:23]} Rf4+ {[%clk 0:00:10]} 60. Ke3 {[%clk 0:01:25]} Rf5
{[%clk 0:00:09]} 61. Ke4 {[%clk 0:01:26]} Rf4+ {[%clk 0:00:10]} 62. Ke3
{[%clk 0:01:27]} h4 {[%clk 0:00:10]} 63. Rg1+ {[%clk 0:01:26]} Rg4
{[%clk 0:00:12]} 64. Rh1 {[%clk 0:01:27]} Rg3+ {[%clk 0:00:11]} 65. Ke4
{[%clk 0:01:26]} Rg4+ {[%clk 0:00:12]} 66. Kf3 {[%clk 0:01:27]} Rg3+
{[%clk 0:00:10]} 67. Ke4 {[%clk 0:01:28]} h3 {[%clk 0:00:09]} 68. Rh2
{[%clk 0:01:26]} Kg4 {[%clk 0:00:08]} 69. Rf2 {[%clk 0:01:26]} Rg2
{[%clk 0:00:07]} 70. Rxf7 {[%clk 0:01:27]} Re2+ {[%clk 0:00:07]} 71. Kd3
{[%clk 0:01:28]} Rxe5 {[%clk 0:00:07]} 72. Rg7+ {[%clk 0:01:29]} Rg5
{[%clk 0:00:07]} 73. Rh7 {[%clk 0:01:29]} Rh5 {[%clk 0:00:08]} 74. Rg7+
{[%clk 0:01:31]} Kf3 {[%clk 0:00:08]} 75. Rf7+ {[%clk 0:01:31]} Kg2
{[%clk 0:00:09]} 76. Rg7+ {[%clk 0:01:32]} Kf3 {[%clk 0:00:10]} 77. Rf7+
{[%clk 0:01:33]} Kg4 {[%clk 0:00:11]} 78. Rg7+ {[%clk 0:01:34]} Rg5
{[%clk 0:00:13]} 79. Rh7 {[%clk 0:01:35]} e5 {[%clk 0:00:13]} 80. Ke4
{[%clk 0:01:36]} Kg3 {[%clk 0:00:13]} 81. Rh8 {[%clk 0:01:34]} h2
{[%clk 0:00:14]} 82. Rh7 {[%clk 0:01:12]} Rg4+ {[%clk 0:00:14]} 83. Kxe5
{[%clk 0:01:10]} Rh4 {[%clk 0:00:15]} 84. Rg7+ {[%clk 0:01:11]} Kf2
{[%clk 0:00:16]} 85. Rf7+ {[%clk 0:01:12]} Ke3 {[%clk 0:00:17]} 86. Rf1
{[%clk 0:01:00]} h1=Q {[%clk 0:00:18]} 87. Rxh1 {[%clk 0:01:02]} Rxh1
{[%clk 0:00:18]} 88. Kf5 0-1

[Event "D18blitz"]
[Site "?"]
[Date "2020.08.27"]
[Round "2.6"]
[White "Kalinowska, Zuzanna"]
[Black "Kulpa, Zuzanna"]
[Result "1/2-1/2"]
[BlackElo "1490"]
[WhiteElo "1798"]
[LiveChessVersion "1.4.4"]

1. d4 {[%clk 0:03:03]} d5 {[%clk 0:03:03]} 2. c4 {[%clk 0:03:03]} c6
{[%clk 0:03:04]} 3. Nf3 {[%clk 0:03:02]} Nf6 {[%clk 0:03:05]} 4. e3
{[%clk 0:03:02]} e6 {[%clk 0:02:46]} 5. Nbd2 {[%clk 0:03:01]} a6 {[%clk 0:02:39]}
6. b3 {[%clk 0:03:00]} b5 {[%clk 0:02:30]} 7. cxb5 {[%clk 0:02:51]} cxb5
{[%clk 0:02:29]} 8. Bd3 {[%clk 0:02:48]} Bd6 {[%clk 0:02:28]} 9. O-O
{[%clk 0:02:45]} O-O {[%clk 0:02:28]} 10. Bb2 {[%clk 0:02:42]} Bb7
{[%clk 0:02:28]} 11. Rc1 {[%clk 0:02:32]} Nbd7 {[%clk 0:02:11]} 12. Qe2
{[%clk 0:02:17]} Qe7 {[%clk 0:02:09]} 13. Rc2 {[%clk 0:01:55]} Rac8
{[%clk 0:02:02]} 14. Rfc1 {[%clk 0:01:55]} Rxc2 {[%clk 0:01:51]} 15. Rxc2
{[%clk 0:01:55]} Rc8 {[%clk 0:01:46]} 16. Rxc8+ {[%clk 0:01:44]} Bxc8
{[%clk 0:01:46]} 17. Nf1 {[%clk 0:01:43]} Bb7 {[%clk 0:01:38]} 18. a4
{[%clk 0:01:39]} bxa4 {[%clk 0:01:08]} 19. bxa4 {[%clk 0:01:35]} Bc6
{[%clk 0:00:52]} 20. Qc2 {[%clk 0:01:18]} Nb8 {[%clk 0:00:36]} 21. Bxa6
{[%clk 0:01:08]} Qa7 {[%clk 0:00:19]} 22. Bb5 {[%clk 0:01:06]} Bxb5
{[%clk 0:00:17]} 23. axb5 {[%clk 0:01:07]} Qb7 {[%clk 0:00:15]} 24. Qd3
{[%clk 0:00:55]} Ne4 {[%clk 0:00:11]} 25. N1d2 {[%clk 0:00:51]} Nxd2
{[%clk 0:00:11]} 26. Nxd2 {[%clk 0:00:50]} Nd7 {[%clk 0:00:11]} 27. g3
{[%clk 0:00:45]} Nb6 {[%clk 0:00:10]} 28. Qc2 {[%clk 0:00:36]} Bb4
{[%clk 0:00:09]} 29. Bc3 {[%clk 0:00:28]} Bxc3 {[%clk 0:00:06]} 30. Qxc3
{[%clk 0:00:29]} g6 {[%clk 0:00:06]} 31. Qc5 {[%clk 0:00:14]} Na4
{[%clk 0:00:06]} 32. Qb4 {[%clk 0:00:13]} Nb6 {[%clk 0:00:07]} 33. Nb3
{[%clk 0:00:13]} Nc4 {[%clk 0:00:07]} 34. Nc5 {[%clk 0:00:13]} Qb6
{[%clk 0:00:07]} 35. Na4 {[%clk 0:00:12]} Qb7 {[%clk 0:00:07]} 36. Nc5
{[%clk 0:00:10]} Qb6 {[%clk 0:00:08]} 37. Na4 {[%clk 0:00:09]} Qb7
{[%clk 0:00:09]} 38. b6 {[%clk 0:00:07]} Kg7 {[%clk 0:00:09]} 39. Qb5
{[%clk 0:00:07]} Nd6 {[%clk 0:00:09]} 40. Qc5 {[%clk 0:00:06]} Nc8
{[%clk 0:00:10]} 41. Qc7 {[%clk 0:00:06]} Qxc7 {[%clk 0:00:10]} 42. bxc7
{[%clk 0:00:07]} Kf8 {[%clk 0:00:11]} 43. Kf1 {[%clk 0:00:08]} Ke7
{[%clk 0:00:12]} 44. Ke2 {[%clk 0:00:09]} Kd7 {[%clk 0:00:13]} 45. Kd3
{[%clk 0:00:09]} Kxc7 {[%clk 0:03:02]} 46. Ke4 1/2-1/2

[Event "D18blitz"]
[Site "?"]
[Date "2020.08.27"]
[Round "3.1"]
[White "Vanduyfhuys, Daria"]
[Black "Malicka, Maria"]
[Result "0-1"]
[BlackElo "1818"]
[WhiteElo "1844"]
[LiveChessVersion "1.4.4"]

1. d4 Nf6 2. c4 c5 3. d5 b5 4. Qc2 bxc4 5. e4 d6 6. Bxc4 g6 7. Nf3 Bg7 8. Nc3 O-O
9. h3 Ba6 10. Bxa6 Nxa6 11. O-O Rb8 12. Rb1 Nd7 13. b3 Nb4 14. Qd2 Qa5 15. Bb2
Nxa2 16. Ra1 Bxc3 17. Bxc3 Qxc3 18. Qxc3 Nxc3 19. Rxa7 Rfd8 20. Re1 Rxb3 21. Nd2
Rb4 22. f3 Nb5 23. Ra2 Nd4 24. Ra7 Kf8 25. Rea1 Nb5 26. R7a2 Ne5 27. Rc2 Rb8 28.
f4 Nd7 29. Re1 Nd4 30. Rcc1 Rb2 31. Nc4 Ne2+ 32. Kh2 Nxc1 33. Nxb2 Rxb2 34. Rxc1
Re2 35. Kg3 Rxe4 36. Ra1 Nf6 37. Ra8+ Kg7 38. Ra7 Nxd5 39. Rb7 c4 40. Rb8 c3 41.
Rc8 Re2 42. Kf3 Ra2 43. Ke4 e6 44. g4 c2 45. Kd3 Ra5 46. Kxc2 Rc5+ 47. Rxc5 dxc5
48. Kd3 Nxf4+ 49. Kc4 Nxh3 50. Kxc5 Nf2 51. g5 Ne4+ 52. Kd4 Nxg5 0-1

[Event "D18blitz"]
[Site "?"]
[Date "2020.08.27"]
[Round "3.2"]
[White "Sowa, Wiktoria"]
[Black "Jarocka, Liwia"]
[Result "0-1"]
[BlackElo "1828"]
[WhiteElo "1802"]
[LiveChessVersion "1.4.4"]

1. e4 {[%clk 0:03:04]} c5 {[%clk 0:03:04]} 2. Nf3 {[%clk 0:03:05]} Nc6
{[%clk 0:03:04]} 3. Bb5 {[%clk 0:03:06]} g6 {[%clk 0:03:05]} 4. Bxc6
{[%clk 0:03:00]} bxc6 {[%clk 0:03:06]} 5. O-O {[%clk 0:02:55]} Bg7
{[%clk 0:03:07]} 6. c3 {[%clk 0:02:51]} Nf6 {[%clk 0:03:00]} 7. d3
{[%clk 0:02:52]} O-O {[%clk 0:03:00]} 8. Re1 {[%clk 0:02:53]} d6 {[%clk 0:02:59]}
9. h3 {[%clk 0:02:54]} e5 {[%clk 0:02:59]} 10. Bg5 {[%clk 0:02:54]} h6
{[%clk 0:02:56]} 11. Be3 {[%clk 0:02:54]} Re8 {[%clk 0:02:52]} 12. Nbd2
{[%clk 0:02:55]} Nd7 {[%clk 0:02:48]} 13. Nf1 {[%clk 0:02:54]} d5
{[%clk 0:02:48]} 14. Ng3 {[%clk 0:02:37]} d4 {[%clk 0:02:48]} 15. Bd2
{[%clk 0:02:36]} Rb8 {[%clk 0:02:43]} 16. Qc2 {[%clk 0:02:35]} dxc3
{[%clk 0:02:30]} 17. bxc3 {[%clk 0:02:33]} Nb6 {[%clk 0:02:17]} 18. Be3
{[%clk 0:02:29]} Qd6 {[%clk 0:02:10]} 19. Rad1 {[%clk 0:02:27]} Ba6
{[%clk 0:02:00]} 20. d4 {[%clk 0:02:20]} cxd4 {[%clk 0:02:00]} 21. cxd4
{[%clk 0:02:21]} exd4 {[%clk 0:01:51]} 22. Nxd4 {[%clk 0:02:22]} Qc7
{[%clk 0:01:12]} 23. Qxc6 {[%clk 0:02:13]} Qe7 {[%clk 0:00:56]} 24. Qc2
{[%clk 0:01:57]} Rbc8 {[%clk 0:00:39]} 25. Qd2 {[%clk 0:01:58]} Nc4
{[%clk 0:00:40]} 26. Qe2 {[%clk 0:01:18]} Nxe3 {[%clk 0:00:39]} 27. Qxe3
{[%clk 0:01:16]} h5 {[%clk 0:00:34]} 28. f3 {[%clk 0:01:08]} Rc7 {[%clk 0:00:22]}
29. Rc1 {[%clk 0:01:00]} Rec8 {[%clk 0:00:23]} 30. Rxc7 {[%clk 0:01:01]} Qxc7
{[%clk 0:00:25]} 31. Nge2 {[%clk 0:00:55]} Qb6 {[%clk 0:00:26]} 32. Kh1
{[%clk 0:00:50]} Bxe2 {[%clk 0:00:25]} 33. Qxe2 {[%clk 0:00:24]} Qxd4
{[%clk 0:00:27]} 34. Rd1 {[%clk 0:00:25]} Qc4 {[%clk 0:00:24]} 35. Qe3
{[%clk 0:00:26]} Qxa2 {[%clk 0:00:21]} 36. Qd3 {[%clk 0:00:21]} Qc4
{[%clk 0:00:20]} 37. Qd7 {[%clk 0:00:21]} Qc7 {[%clk 0:00:21]} 38. Qd5
{[%clk 0:00:22]} a5 {[%clk 0:00:20]} 39. Rb1 {[%clk 0:00:21]} Qc5
{[%clk 0:00:13]} 40. Qd7 {[%clk 0:00:19]} Qc7 {[%clk 0:00:12]} 41. Qd5
{[%clk 0:00:20]} Rd8 {[%clk 0:00:11]} 42. Qg5 {[%clk 0:00:14]} a4
{[%clk 0:00:10]} 43. Qb5 {[%clk 0:00:03]} Ra8 {[%clk 0:00:07]} 44. Qd5
{[%clk 0:00:00]} 0-1

[Event "D18blitz"]
[Site "?"]
[Date "2020.08.27"]
[Round "3.3"]
[White "Czarniecka, Aleksandra"]
[Black "Kalinowska, Zuzanna"]
[Result "1/2-1/2"]
[BlackElo "1798"]
[WhiteElo "1758"]
[LiveChessVersion "1.4.4"]

1. e4 {[%clk 0:03:03]} e6 {[%clk 0:03:03]} 2. d4 {[%clk 0:03:05]} d5 3. Nd2 Nf6
{[%clk 0:03:05]} 4. e5 {[%clk 0:03:08]} Nfd7 {[%clk 0:03:06]} 5. Bd3
{[%clk 0:03:08]} c5 {[%clk 0:03:04]} 6. c3 {[%clk 0:03:08]} Nc6 {[%clk 0:03:02]}
7. Ne2 {[%clk 0:03:09]} cxd4 {[%clk 0:03:01]} 8. cxd4 {[%clk 0:03:10]} f6
{[%clk 0:03:01]} 9. exf6 {[%clk 0:03:11]} Nxf6 {[%clk 0:03:01]} 10. O-O
{[%clk 0:03:12]} Bd6 {[%clk 0:03:02]} 11. Nf3 {[%clk 0:03:10]} Qc7
{[%clk 0:02:54]} 12. g3 {[%clk 0:03:11]} O-O {[%clk 0:02:53]} 13. Bf4
{[%clk 0:03:12]} Nh5 {[%clk 0:02:54]} 14. Bxd6 {[%clk 0:03:08]} Qxd6
{[%clk 0:02:54]} 15. Nc3 {[%clk 0:03:02]} g6 {[%clk 0:02:37]} 16. Be2
{[%clk 0:02:52]} Ng7 {[%clk 0:02:32]} 17. h4 {[%clk 0:02:43]} a6 {[%clk 0:02:27]}
18. Nh2 {[%clk 0:02:40]} Qb4 {[%clk 0:02:17]} 19. Nf3 {[%clk 0:02:21]} Qxb2
{[%clk 0:02:14]} 20. Na4 {[%clk 0:02:18]} Qa3 {[%clk 0:01:57]} 21. Nc5
{[%clk 0:01:58]} b6 {[%clk 0:01:52]} 22. Nd3 {[%clk 0:01:51]} Nf5
{[%clk 0:01:30]} 23. Nf4 {[%clk 0:01:22]} Qd6 {[%clk 0:01:15]} 24. h5
{[%clk 0:01:16]} Kg7 {[%clk 0:01:12]} 25. hxg6 {[%clk 0:01:08]} hxg6
{[%clk 0:01:12]} 26. Kg2 {[%clk 0:01:09]} Bd7 {[%clk 0:01:09]} 27. Rh1
{[%clk 0:01:08]} b5 {[%clk 0:01:03]} 28. Qd2 {[%clk 0:00:59]} Rh8
{[%clk 0:01:02]} 29. Rad1 {[%clk 0:00:40]} Rae8 {[%clk 0:00:54]} 30. g4
{[%clk 0:00:40]} Nh6 {[%clk 0:00:44]} 31. Nh4 {[%clk 0:00:41]} Ne7
{[%clk 0:00:36]} 32. Bd3 {[%clk 0:00:41]} Nxg4 {[%clk 0:00:22]} 33. Nhxg6
{[%clk 0:00:42]} Nxg6 {[%clk 0:00:18]} 34. Nxg6 {[%clk 0:00:43]} Rh2+
{[%clk 0:00:17]} 35. Rxh2 {[%clk 0:00:24]} Qxh2+ {[%clk 0:00:18]} 36. Kf3
{[%clk 0:00:22]} Qh3+ {[%clk 0:00:13]} 37. Ke2 {[%clk 0:00:22]} Nh2
{[%clk 0:00:10]} 38. Qe3 {[%clk 0:00:19]} Qxe3+ {[%clk 0:00:08]} 39. fxe3
{[%clk 0:00:20]} Kf6 {[%clk 0:00:05]} 40. Rh1 {[%clk 0:00:20]} Ng4
{[%clk 0:00:05]} 1/2-1/2

[Event "D18blitz"]
[Site "?"]
[Date "2020.08.27"]
[Round "3.4"]
[White "Giefert, Sara"]
[Black "Swiech, Joanna"]
[Result "1/2-1/2"]
[BlackElo "1664"]
[WhiteElo "1298"]
[LiveChessVersion "1.4.4"]

1. d4 {[%clk 0:03:03]} d5 {[%clk 0:03:03]} 2. Bg5 {[%clk 0:03:04]} h6
{[%clk 0:03:01]} 3. Bh4 {[%clk 0:03:05]} Nf6 {[%clk 0:02:55]} 4. e3
{[%clk 0:03:06]} e6 {[%clk 0:02:55]} 5. Bd3 {[%clk 0:03:05]} Be7 {[%clk 0:02:55]}
6. c3 {[%clk 0:03:06]} b6 {[%clk 0:02:56]} 7. Qe2 {[%clk 0:03:01]} Bb7
{[%clk 0:02:54]} 8. f4 {[%clk 0:03:00]} Ne4 {[%clk 0:02:46]} 9. Bxe7
{[%clk 0:02:55]} Qxe7 {[%clk 0:02:46]} 10. Nf3 {[%clk 0:02:55]} Nd7
{[%clk 0:02:42]} 11. Nbd2 {[%clk 0:02:51]} f5 {[%clk 0:02:39]} 12. Ne5
{[%clk 0:02:50]} Nxe5 {[%clk 0:02:36]} 13. fxe5 {[%clk 0:02:46]} O-O-O
{[%clk 0:02:06]} 14. O-O-O {[%clk 0:02:38]} Rhf8 {[%clk 0:01:59]} 15. Rhf1
{[%clk 0:02:37]} Kb8 {[%clk 0:01:53]} 16. Nxe4 {[%clk 0:02:19]} fxe4
{[%clk 0:01:52]} 17. Bc2 {[%clk 0:02:20]} Rxf1 {[%clk 0:01:44]} 18. Rxf1
{[%clk 0:02:21]} Rf8 {[%clk 0:01:45]} 19. Bb3 {[%clk 0:02:17]} Rf7
{[%clk 0:01:37]} 20. h3 {[%clk 0:02:09]} Qf8 {[%clk 0:01:37]} 21. Rxf7
{[%clk 0:02:08]} Qxf7 {[%clk 0:01:37]} 22. Bd1 {[%clk 0:01:57]} Bc8
{[%clk 0:01:32]} 23. Ba4 {[%clk 0:01:45]} Qf8 {[%clk 0:01:02]} 24. Bb5
{[%clk 0:01:39]} Qf5 {[%clk 0:00:58]} 25. Qf1 {[%clk 0:01:37]} Qxf1+
{[%clk 0:00:56]} 26. Bxf1 {[%clk 0:01:38]} Bd7 {[%clk 0:00:56]} 27. Be2
{[%clk 0:01:38]} Kc8 {[%clk 0:00:52]} 28. Bh5 {[%clk 0:01:38]} 1/2-1/2

[Event "D18blitz"]
[Site "?"]
[Date "2020.08.27"]
[Round "3.5"]
[White "Kulpa, Zuzanna"]
[Black "Jedras, Adrianna"]
[Result "1-0"]
[BlackElo "1285"]
[WhiteElo "1490"]
[LiveChessVersion "1.4.4"]

1. d4 {[%clk 0:03:03]} a6 {[%clk 0:03:02]} 2. e4 {[%clk 0:03:03]} b5
{[%clk 0:03:03]} 3. Bd3 {[%clk 0:03:00]} Bb7 {[%clk 0:03:04]} 4. Ne2
{[%clk 0:02:59]} d6 {[%clk 0:03:03]} 5. O-O {[%clk 0:02:56]} Nd7 {[%clk 0:03:04]}
6. Be3 {[%clk 0:02:47]} e6 {[%clk 0:02:49]} 7. Nd2 {[%clk 0:02:44]} Ne7
{[%clk 0:02:45]} 8. c4 {[%clk 0:02:41]} c6 {[%clk 0:02:42]} 9. Ng3
{[%clk 0:02:33]} Ng6 {[%clk 0:02:39]} 10. f4 {[%clk 0:02:30]} d5 {[%clk 0:01:54]}
11. f5 {[%clk 0:02:10]} exf5 {[%clk 0:01:51]} 12. exf5 {[%clk 0:02:10]} Ne7
{[%clk 0:01:52]} 13. c5 {[%clk 0:02:02]} Bc8 {[%clk 0:01:03]} 14. Bg5
{[%clk 0:01:51]} Nf6 {[%clk 0:00:57]} 15. Qe2 {[%clk 0:01:25]} Rg8
{[%clk 0:00:50]} 16. Rae1 {[%clk 0:01:14]} h6 {[%clk 0:00:37]} 17. Bh4
{[%clk 0:01:10]} Ra7 {[%clk 0:00:32]} 18. Qe5 {[%clk 0:01:05]} Nd7
{[%clk 0:00:24]} 19. Qd6 {[%clk 0:01:01]} Nf6 {[%clk 0:00:15]} 20. Bxf6
{[%clk 0:00:56]} gxf6 {[%clk 0:00:15]} 21. Qxf6 {[%clk 0:00:56]} Bg7
{[%clk 0:00:16]} 22. Qd6 {[%clk 0:00:51]} Bxd4+ {[%clk 0:00:16]} 23. Kh1
{[%clk 0:00:51]} Bg7 {[%clk 0:00:14]} 24. f6 {[%clk 0:00:50]} Bxf6
{[%clk 0:00:14]} 25. Rxf6 {[%clk 0:00:44]} Be6 {[%clk 0:00:14]} 26. Qxd8+
{[%clk 0:00:43]} Kxd8 {[%clk 0:00:15]} 27. Rxh6 {[%clk 0:00:43]} Ng6
{[%clk 0:00:14]} 28. Bxg6 {[%clk 0:00:40]} 1-0

[Event "D18blitz"]
[Site "?"]
[Date "2020.08.27"]
[Round "3.6"]
[White "Budkiewicz, Magdalena"]
[Black "Kucharska, Honorata"]
[Result "1-0"]
[BlackElo "2038"]
[WhiteElo "1542"]
[LiveChessVersion "1.4.4"]

1. e4 {[%clk 0:03:03]} e6 {[%clk 0:03:04]} 2. d4 {[%clk 0:03:04]} d5
{[%clk 0:03:05]} 3. e5 {[%clk 0:03:06]} c5 {[%clk 0:03:06]} 4. Nf3
{[%clk 0:03:03]} Nc6 {[%clk 0:03:07]} 5. Bd3 {[%clk 0:03:04]} c4 {[%clk 0:02:59]}
6. Be2 {[%clk 0:03:05]} Nge7 {[%clk 0:02:57]} 7. c3 {[%clk 0:03:03]} Ng6
{[%clk 0:02:50]} 8. O-O {[%clk 0:03:02]} Be7 {[%clk 0:02:51]} 9. Kh1
{[%clk 0:02:59]} Qc7 {[%clk 0:02:46]} 10. Be3 {[%clk 0:02:55]} Bd7
{[%clk 0:02:47]} 11. Nbd2 {[%clk 0:02:54]} O-O-O {[%clk 0:02:44]} 12. b3
{[%clk 0:02:51]} cxb3 {[%clk 0:02:28]} 13. axb3 {[%clk 0:02:48]} Nh4
{[%clk 0:02:28]} 14. c4 {[%clk 0:02:36]} Nxf3 {[%clk 0:02:27]} 15. Bxf3
{[%clk 0:02:34]} Be8 {[%clk 0:02:00]} 16. b4 {[%clk 0:01:54]} Bxb4
{[%clk 0:01:44]} 17. cxd5 {[%clk 0:01:47]} exd5 {[%clk 0:01:43]} 18. Qb3
{[%clk 0:01:29]} Bxd2 {[%clk 0:01:02]} 19. Bxd2 {[%clk 0:01:30]} Nxd4
{[%clk 0:01:00]} 20. Qd3 {[%clk 0:00:56]} Nxf3 {[%clk 0:00:47]} 21. Qxf3
{[%clk 0:00:53]} Bc6 {[%clk 0:00:43]} 22. Rxa7 {[%clk 0:00:53]} Qe7
{[%clk 0:00:12]} 23. Ba5 {[%clk 0:00:40]} Rde8 {[%clk 0:00:11]} 24. Qg4+
{[%clk 0:00:36]} Qe6 {[%clk 0:00:11]} 25. Qb4 {[%clk 0:00:30]} Qxe5
{[%clk 0:00:08]} 26. Qb6 {[%clk 0:00:21]} Kd7 {[%clk 0:00:08]} 27. h3
{[%clk 0:00:09]} Rb8 {[%clk 0:00:06]} 28. Rc1 {[%clk 0:00:08]} Qd6
{[%clk 0:00:05]} 29. Qe3 {[%clk 0:00:06]} Rhe8 {[%clk 0:00:06]} 30. Qf3
{[%clk 0:00:07]} Qe6 {[%clk 0:00:06]} 31. Bb6 {[%clk 0:00:07]} Ra8
{[%clk 0:00:06]} 32. Rxa8 {[%clk 0:00:05]} Rxa8 {[%clk 0:00:07]} 33. Qg3
{[%clk 0:00:06]} Qd6 {[%clk 0:00:07]} 34. Qxg7 {[%clk 0:00:07]} Qe6
{[%clk 0:00:05]} 35. Qd4 {[%clk 0:00:08]} Ra4 {[%clk 0:00:05]} 36. Qc3
{[%clk 0:00:08]} Re4 {[%clk 0:00:05]} 37. Qg3 {[%clk 0:00:07]} Re1+
{[%clk 0:00:07]} 38. Rxe1 {[%clk 0:00:09]} Qxe1+ {[%clk 0:00:07]} 39. Kh2
{[%clk 0:00:11]} Qe4 40. Qc7+ {[%clk 0:00:11]} Ke6 {[%clk 0:00:07]} 41. Bc5
{[%clk 0:00:11]} Kf6 {[%clk 0:00:07]} 42. Qd6+ {[%clk 0:00:10]} Kg7
{[%clk 0:00:07]} 43. Qf8+ {[%clk 0:00:12]} Kg6 {[%clk 0:00:08]} 44. Qg8+
{[%clk 0:00:13]} Kf6 {[%clk 0:00:09]} 45. Qh8+ {[%clk 0:00:12]} Ke6
{[%clk 0:00:10]} 46. Qe8+ {[%clk 0:00:13]} Kf5 {[%clk 0:00:11]} 47. Qxf7+
{[%clk 0:00:14]} Ke5 {[%clk 0:00:10]} 48. Qe7+ {[%clk 0:00:15]} Kf5
{[%clk 0:00:11]} 49. Qxh7+ {[%clk 0:00:15]} Kg5 {[%clk 0:00:11]} 50. Be7+
{[%clk 0:00:16]} Kf4 {[%clk 0:00:11]} 51. Qh6+ {[%clk 0:00:16]} Kf5
{[%clk 0:00:10]} 52. Qf6# 1-0

[Event "D18blitz"]
[Site "?"]
[Date "2020.08.27"]
[Round "4.1"]
[White "Malicka, Maria"]
[Black "Jarocka, Liwia"]
[Result "0-1"]
[BlackElo "1828"]
[WhiteElo "1818"]
[LiveChessVersion "1.4.4"]

1. e4 c5 2. Nf3 Nc6 3. d4 cxd4 4. Nxd4 Nf6 5. Nc3 d6 6. Bg5 e6 7. Qd2 a6 8. Nxc6
bxc6 9. O-O-O h6 10. Bf4 d5 11. Qe3 Bb4 12. a3 Bxc3 13. Qxc3 O-O 14. f3 Qb6 15.
Bxh6 d4 16. Rxd4 e5 17. Rd6 gxh6 18. Rxf6 Kg7 19. Rxc6 Qd4 20. Qxd4 exd4 21. Rd6
Be6 22. Rxd4 Rac8 23. Bd3 a5 24. f4 f6 25. f5 Bf7 26. Rd1 Rg8 27. Be2 a4 28. Rxa4
Bb3 29. Ra7+ Kh8 30. Rd2 Rxg2 31. Kb1 Rg1+ 32. Bd1 Bxc2+ 33. Ka2 Rxd1 34. Rxd1
Bxd1 35. Rf7 Bc2 36. Rxf6 Kg7 37. Re6 Rc4 38. f6+ Kf7 39. Rb6 Bxe4 40. Kb3 Rc1
41. a4 Bd5+ 42. Kb4 Be6 43. a5 Rb1 44. Kc3 Rc1+ 45. Kd2 Ra1 46. a6 Bc4 0-1

[Event "D18blitz"]
[Site "?"]
[Date "2020.08.27"]
[Round "4.2"]
[White "Kulpa, Zuzanna"]
[Black "Czarniecka, Aleksandra"]
[Result "0-1"]
[BlackElo "1758"]
[WhiteElo "1490"]
[LiveChessVersion "1.4.4"]

1. d4 {[%clk 0:03:03]} Nf6 {[%clk 0:03:04]} 2. c4 {[%clk 0:03:04]} g6
{[%clk 0:03:05]} 3. Nc3 {[%clk 0:03:06]} Bg7 {[%clk 0:03:06]} 4. e4 d6 5. f3
{[%clk 0:03:07]} O-O {[%clk 0:03:09]} 6. Bg5 {[%clk 0:03:08]} Nc6
{[%clk 0:03:06]} 7. Nge2 {[%clk 0:03:08]} a6 {[%clk 0:03:02]} 8. Qd2
{[%clk 0:03:06]} e5 {[%clk 0:03:02]} 9. d5 {[%clk 0:03:05]} Na5 {[%clk 0:03:03]}
10. Nc1 {[%clk 0:03:01]} c5 {[%clk 0:03:04]} 11. Be2 {[%clk 0:03:00]} Bd7
{[%clk 0:03:01]} 12. O-O {[%clk 0:02:57]} Rb8 {[%clk 0:03:02]} 13. a4
{[%clk 0:02:57]} Qc7 {[%clk 0:02:55]} 14. Kh1 {[%clk 0:02:54]} Nh5
{[%clk 0:02:56]} 15. g4 {[%clk 0:02:52]} Nf4 {[%clk 0:02:56]} 16. Bxf4 exf4 17.
Qxf4 {[%clk 0:02:52]} Rbe8 {[%clk 0:02:46]} 18. Kg2 {[%clk 0:02:40]} b6
{[%clk 0:02:41]} 19. Qd2 {[%clk 0:02:37]} f5 {[%clk 0:02:38]} 20. h3
{[%clk 0:02:29]} Qd8 {[%clk 0:02:39]} 21. Bd3 {[%clk 0:01:59]} Qh4
{[%clk 0:02:34]} 22. Qf2 {[%clk 0:02:00]} Qg5 {[%clk 0:02:34]} 23. f4
{[%clk 0:01:57]} Qe7 {[%clk 0:02:33]} 24. g5 {[%clk 0:01:51]} Bd4
{[%clk 0:02:34]} 25. Qf3 {[%clk 0:01:45]} fxe4 {[%clk 0:02:25]} 26. Nxe4
{[%clk 0:01:42]} Bf5 {[%clk 0:02:26]} 27. Re1 {[%clk 0:01:29]} Qd7
{[%clk 0:02:21]} 28. Ne2 {[%clk 0:01:22]} Bxb2 {[%clk 0:02:15]} 29. Rab1
{[%clk 0:01:23]} Bg7 {[%clk 0:02:09]} 30. Rxb6 {[%clk 0:01:23]} Bxe4
{[%clk 0:02:05]} 31. Bxe4 {[%clk 0:01:23]} Nxc4 {[%clk 0:02:05]} 32. Rxa6 Nd2
{[%clk 0:02:06]} 33. Qg4 {[%clk 0:00:35]} Qxg4+ {[%clk 0:02:06]} 34. hxg4
{[%clk 0:00:36]} Nxe4 {[%clk 0:02:04]} 35. Ng3 {[%clk 0:00:31]} Nxg3
{[%clk 0:02:04]} 36. Rxe8 {[%clk 0:00:32]} Rxe8 {[%clk 0:02:05]} 37. Kxg3
{[%clk 0:00:33]} Re3+ {[%clk 0:01:51]} 38. Kf2 {[%clk 0:00:34]} Bd4
{[%clk 0:01:52]} 39. Ra8+ {[%clk 0:00:31]} Re8+ {[%clk 0:01:52]} 0-1